Elementos de administración en el sistema de salud

Guardat en:
Dades bibliogràfiques
Autor principal: Montoya Aguilar, Carlos (autor)
Format: Llibre
Idioma:espanyol
Publicat: Santiago Técnicas Mediterráneo 2000
Col·lecció:Serie Científica Básica, 10
Matèries:
Etiquetes: Afegir etiqueta
Sense etiquetes, Sigues el primer a etiquetar aquest registre!

MARC

LEADER 00000nam a2200000 a 4500
001 UCN6038
003 CL-VaPUC
008 010913e20000000CL |||||||||||||||||spa|d
082 0 4 |a 353.6  |b MON  |2 21 
100 |a Montoya Aguilar, Carlos  |e autor  |9 592428 
245 1 0 |a Elementos de administración en el sistema de salud 
300 |a 50 p 
942 |c BK 
945 |d 20010913 00:00:00  |a cmena 
260 |a Santiago  |b Técnicas Mediterráneo  |c 2000 
650 7 |a SISTEMAS DE SALUD  |2 CL-VaPUC  |9 351700 
650 0 |a Salud pública  |9 258913 
650 0 |a Servicios de salud  |9 312751 
583 |a last modification  |c 20010913 00:00:00  |k Rodrigo Vera 
490 0 |a Serie Científica Básica, 10 
999 |c 297129  |d 297127 
952 |0 0  |1 0  |4 0  |6 353_600000000000000_MON_2000  |7 0  |8 A  |9 351587  |a BIBCUR  |b BIBCUR  |d 2019-11-21  |i 3739694  |o 353.6 MON 2000  |p 3739694  |r 2025-04-22  |w 2019-11-21  |y BK  |k KIN 
952 |0 0  |1 0  |2 ddc  |4 0  |6 353_600000000000000_MON_2000  |7 0  |8 A  |9 351588  |a BIBCUR  |b BIBCUR  |c PAC  |d 2019-11-21  |i 3739708  |o 353.6 MON 2000  |p 3739708  |r 2025-04-22  |w 2019-11-21  |y BK  |k KIN 
952 |0 0  |1 0  |4 0  |6 353_600000000000000_MON_2000  |7 0  |8 A  |9 351589  |a BIBCUR  |b BIBCUR  |d 2019-11-21  |i 3739716  |o 353.6 MON 2000  |p 3739716  |r 2025-04-22  |w 2019-11-21  |y BK  |k KIN 
952 |0 0  |1 0  |4 0  |6 353_600000000000000_MON_2000  |7 0  |8 A  |9 351590  |a BIBCUR  |b BIBCUR  |d 2019-11-21  |i 3739724  |o 353.6 MON 2000  |p 3739724  |r 2025-04-22  |w 2019-11-21  |y BK  |k KIN